00156nam a2200061Ia 4500008004100000100002000041245003300061120527s9999 xx 000 0 und d aLesko, A. wayne aReading in social psychology